| 000 | 02232nam0a2200397 4500 | ||
|---|---|---|---|
| 001 | RU\NLR\bibl\894046 | ||
| 005 | 20260405171557.0 | ||
| 021 |
_aRU _b2005-65284 _93214 |
||
| 035 | _a(NLR Aleph) 000882528 | ||
| 035 | _a(nilc)RSL-KNO-002755893 | ||
| 090 |
_a1667952 _c1667952 |
||
| 100 | _a20051013d2005 u y0rusy50 ca | ||
| 101 | 0 | _arus | |
| 102 | _aRU | ||
| 105 | _aa ||||||||| | ||
| 106 | _ar | ||
| 200 | 1 |
_aВладимир Артыков. Римма Исакова _eживопись _fЮрий Иванович Нехорошев _gТвор. центр "Овен" при поддержке Рос. акад. художеств, Твор. Союза художников России |
|
| 210 |
_aМ. _cОвен _d2005 _gОтпеч. в России |
||
| 215 |
_a144 с. _cил., портр., цв. ил. _d24 |
||
| 320 | _aБиблиогр. в подстроч. прим. | ||
| 517 | 0 | _aРимма Исакова | |
| 600 | 1 |
_aИсакова _bР.Н. _f1944 _gРимма Николаевна _92218366 _3RU\NLR\auth\661332200 |
|
| 600 | 1 |
_aАртыков _bВ.А. _f1934 _gВладимир Аннакулиевич _92218364 _3RU\NLR\auth\661332199 |
|
| 610 | 0 | _aИскусство. Искусствознание -- Живопись -- История живописи -- Живопись Туркмении -- Артыков Владимир Аннакулиевич (р.1934) - художник -- Альбом | |
| 610 | 0 | _aИскусство. Искусствознание -- Живопись -- История живописи -- Российская Федерация -- Русская живопись -- Исакова Римма Николаевна (р.1944) - художница -- Альбом | |
| 686 |
_aЩ143(2Ту)7-8Артыков В.А.4я61 _2rubbk |
||
| 686 |
_aЩ143(2Р=Р)7-8Исакова Р.Н.4я61 _2rubbk |
||
| 686 | _aЩ143(2Р=Рус)7-8Артыков | ||
| 686 | _aЩ143(2Р=Рус)7-8Исакова | ||
| 700 | 1 |
_4070 _8rus _7ca _aНехорошев _bЮ. И. _f1925-2016 _gЮрий Иванович _3RU\NLR\AUTH\7773216 _956144 |
|
| 801 | 0 |
_aRU _bRuMoRKP _c20051013 _grcr |
|
| 801 | 1 |
_aRU _bRuMoRGB _c20051013 |
|
| 801 | 2 |
_aRU _bNLR _c20051227 _grcr |
|
| 942 | _cBOOK | ||
| 980 | _aNB | ||